Jenseits der Grenzen : (Titelsatznr. 31616)
[ MARC ]
| 000 -Satzkennung | |
|---|---|
| Kontrollfeld mit fester Länge | 00677nac a22002051ca4500 |
| 001 - Kontrollnummer | |
| Kontrollfeld | a02429 |
| 008 - Feld mit fester Länge zur physischen Beschreibung - Allgemeine Angaben | |
| Kontrollfeld mit fester Länge | 170707s2000 gw |||| 000u ger d |
| 020 ## - Internationale Standardbuchnummer | |
| Internationale Standardbuchnummer | 3770154215 |
| Verknüpfung | 3-7701-5421-5 |
| 041 ## - Sprachcode | |
| Sprachcode des Textes/der Tonspur oder des separaten Titels | ger |
| 040 ## - Katalogisierungsquelle | |
| Übertragungsstelle | RU-10907106 |
| 003 - Kontrollnummer Identifier | |
| Kontrollfeld | RU-10907106 |
| 245 00 - Titel | |
| Titel | Jenseits der Grenzen : |
| Zusatz zum Titel | Französische und deutsche Kunst vom Ancien Régime bis zur Gegenwart / |
| Verfasserangabe etc. | Thomas W. Gaethgens zum 60. Geburtstag |
| 246 10 - Titelvarianten | |
| Hauptsachtitel/Kurztitel | Französische und deutsche Kunst vom Ancien Régime bis zur Gegenwart |
| 264 ## - Produktion, Veröffentlichung, Distribution, Herstellung und Urheberrechtsvermerk | |
| Herstellungs-, Veröffentlichungs- Vertriebs-, Erzeugungsort | Köln : |
| Produzent, Herausgeber, Distributor, Hersteller | DuMont, |
| Datum der Herstellung, der Veröffentlichung, des Vertriebs oder des Urheberschutzvermerks | 2000 |
| 655 #0 - Indexierungsterm - Genre/Form | |
| Genre/Form oder fokussierter Term | Festschrift |
| 700 1# - Nebeneintragung - Personenname | |
| Personenname | Fleckner, Uwe |
| Funktionsbezeichnung | HerausgeberIn |
| 700 1# - Nebeneintragung - Personenname | |
| Personenname | Gaehtgens, Thomas W |
| Funktionsbezeichnung | GefeierteR |
| 942 ## - Zusätzliche Felder (Koha) | |
| Koha-Medientyp | Monographien |
| Ausgeschieden | Verloren | Klassifikation oder Aufstellungssystematik | Beschädigt | Nicht entleihbar | Heimatbibliothek | Aufenthaltsbibliothek | Aufstellungsort | Erwerbungsdatum | Inventarnummer | Signatur | Barcode | Letzte Aktivität | Preis gültig von | Koha-Medientyp |
|---|---|---|---|---|---|---|---|---|---|---|---|---|---|---|
| Andere/Generische Klassifikation | MWN Osteuropa | MWN Osteuropa | Lesesaal - 1 | 07/07/2017 | 05-09985 | W 50 E v Jen 1 (Bd.) | 31620 | 22/02/2021 | 22/03/2021 | Monographien |